Gender and Violence in the Middle East / (Record no. 17199)
[ view plain ]
| 000 -LEADER | |
|---|---|
| fixed length control field | 02953cam a2200385 a 4500 |
| 001 - CONTROL NUMBER | |
| control field | 16522183 |
| 005 - DATE AND TIME OF LATEST TRANSACTION | |
| control field | 20160518135833.0 |
| 008 - FIXED-LENGTH DATA ELEMENTS--GENERAL INFORMATION | |
| fixed length control field | 101028s2011 enk b 001 0 eng |
| 010 ## - LIBRARY OF CONGRESS CONTROL NUMBER | |
| LC control number | 2010045109 |
| 020 ## - INTERNATIONAL STANDARD BOOK NUMBER | |
| International Standard Book Number | 9780415594103 |
| 020 ## - INTERNATIONAL STANDARD BOOK NUMBER | |
| International Standard Book Number | 0415594103 |
| 020 ## - INTERNATIONAL STANDARD BOOK NUMBER | |
| International Standard Book Number | 9780415594110 (pbk.) |
| 020 ## - INTERNATIONAL STANDARD BOOK NUMBER | |
| International Standard Book Number | 0415594111 (pbk.) |
| 020 ## - INTERNATIONAL STANDARD BOOK NUMBER | |
| International Standard Book Number | 9780203830727 (ebook) |
| 020 ## - INTERNATIONAL STANDARD BOOK NUMBER | |
| International Standard Book Number | 0203830725 (ebook) |
| 082 00 - DEWEY DECIMAL CLASSIFICATION NUMBER | |
| Classification number | 362.83 |
| Edition number | 22 |
| Item number | GER |
| 245 00 - TITLE STATEMENT | |
| Title | Gender and Violence in the Middle East / |
| Statement of responsibility, etc | edited by Moha Ennaji and Fatima Sadiqi. |
| 260 ## - PUBLICATION, DISTRIBUTION, ETC. (IMPRINT) | |
| Place of publication, distribution, etc | Abingdon, Oxon ; |
| -- | New York : |
| Name of publisher, distributor, etc | Routledge, |
| Date of publication, distribution, etc | 2011. |
| 300 ## - PHYSICAL DESCRIPTION | |
| Extent | xvii, 279 p. ; |
| Dimensions | 25 cm. |
| 490 1# - Series Statement | |
| Series statement | UCLA center for Middle East development (CMED) ; |
| Volume/sequential designation | 4 |
| 504 ## - BIBLIOGRAPHY, ETC. NOTE | |
| Bibliography, etc | Includes bibliographical references (p. [247]-267) and index. |
| 505 0# - FORMATTED CONTENTS NOTE | |
| Formatted contents note | Introduction: contextualizing gender and violence in the Middle East / Moha Ennaji and Fatima Sadiqi -- Conceptualization and theoretical background. Feminist anthropological perspectives on violence / Patricia Zuckerhut -- Armed conflict and gender-based violence. Counter-narratives of Palestinian women : the construction of her-story and the politics of fear / Nadera Shalhoub-Kevorkian ; Gender, youth and institutional support in the occupied Palestinian territories / Islah Jad ; Impact of armed conflict on gender roles in Lebanon / Lamia Rustum Shehadeh -- Politics, war, and violence against women in Iraq and Afghanistan. War and gender in Bathist Iraq / Achim Rohde ; Violence against Afghan women : tradition, religion, conflict, and war / Anne E. Brodsky -- Religious and social violence against women. Religious-based violence against women, and feminist responses : Iran, Afghanistan, and Algeria / Valentine M. Moghadam ; Strategy in the battles over her : Islamism and secularism / Sherifa Zuhur ; Reproductive health correlates of intimate partner violence in Jordan / Cari Jo Clark -- Gender-based discrimination and legal reform. Legal reforms on violence against women in Turkey : best practices / Pinar Ilkkaracan and Liz Ercevik Amado ; Violence against women in Morocco : advances, contentions, and strategies to combat it / Moha Ennaji -- Language, sexual harassment and media. Women and the violence of stereotypes in Morocco / Fatima Sadiqi ; Dismantling the discourses of war : Palestinian women filmmakers address violence / Nadia Yaqub. |
| 650 #0 - SUBJECT ADDED ENTRY--TOPICAL TERM | |
| Topical term or geographic name as entry element | Sex discrimination against men |
| Geographic subdivision | Middle East. |
| 9 (RLIN) | 32267 |
| 650 #0 - SUBJECT ADDED ENTRY--TOPICAL TERM | |
| Topical term or geographic name as entry element | Sex discrimination against men |
| Geographic subdivision | Africa, North. |
| 9 (RLIN) | 32268 |
| 650 #0 - SUBJECT ADDED ENTRY--TOPICAL TERM | |
| Topical term or geographic name as entry element | Patriarchy |
| Geographic subdivision | Middle East. |
| 9 (RLIN) | 32269 |
| 650 #0 - SUBJECT ADDED ENTRY--TOPICAL TERM | |
| Topical term or geographic name as entry element | Patriarchy |
| Geographic subdivision | Africa, North. |
| 9 (RLIN) | 32270 |
| 650 #0 - SUBJECT ADDED ENTRY--TOPICAL TERM | |
| Topical term or geographic name as entry element | Sex role |
| Geographic subdivision | Middle East. |
| 9 (RLIN) | 32271 |
| 650 #0 - SUBJECT ADDED ENTRY--TOPICAL TERM | |
| Topical term or geographic name as entry element | Sex role |
| Geographic subdivision | Africa, North. |
| 9 (RLIN) | 32272 |
| 653 ## - INDEX TERM--UNCONTROLLED | |
| Resource For college | |
| Arrived date list | January2013 |
| -- | February2013 |
| 650 #0 - SUBJECT ADDED ENTRY--TOPICAL TERM | |
| 9 (RLIN) | 15714 |
| Topical term or geographic name as entry element | Women |
| General subdivision | Violence against |
| Geographic subdivision | Middle East |
| 650 #0 - SUBJECT ADDED ENTRY--TOPICAL TERM | |
| 9 (RLIN) | 32266 |
| Topical term or geographic name as entry element | Women |
| General subdivision | Violence against |
| Geographic subdivision | Africa, North |
| 700 1# - ADDED ENTRY--PERSONAL NAME | |
| Personal name | Ennaji, Moha. |
| 9 (RLIN) | 32273 |
| 700 1# - ADDED ENTRY--PERSONAL NAME | |
| Personal name | Sadiqi, Fatima. |
| 9 (RLIN) | 32274 |
| 942 ## - ADDED ENTRY ELEMENTS (KOHA) | |
| Source of classification or shelving scheme | Dewey Decimal Classification |
| Item type | Book - Borrowing |
| Withdrawn status | Item status | Source of classification or shelving scheme | Damaged status | Not for loan | Vendor | Home library | Current library | Shelving location | Date acquired | Source of acquisition | Cost, normal purchase price | Serial Enumeration / chronology | Total Checkouts | Total Renewals | Full call number | Barcode | Date last seen | Date last borrowed | Koha item type |
|---|---|---|---|---|---|---|---|---|---|---|---|---|---|---|---|---|---|---|---|
| Dewey Decimal Classification | THe Middle East Observer | Central Library | Central Library | First floor | 31/01/2013 | 286.00 | 001341 | 13 | 48 | 362.83 GER | 000027962 | 15/07/2025 | 28/11/2019 | Book - Borrowing | |||||
| Dewey Decimal Classification | MERIC | Central Library | Central Library | First floor | 03/02/2013 | 286.00 | 000263 | 6 | 44 | 362.83 GER | 000027978 | 15/07/2025 | 22/05/2024 | Book - Borrowing |